[Event "Wch U10"]
[Site "Weifang"]
[Date "2019.08.25"]
[Round "5"]
[White "Feng, Andrew"]
[Black "Zhang, Xican"]
[Result "0-1"]
[WhiteElo "1484"]
[BlackElo "1708"]
[PlyCount "119"]
[EventDate "2019.08.21"]
[EventType "swiss"]
[EventRounds "11"]
[EventCountry "CHN"]
[SourceTitle "EXT 2020"]
[Source "ChessBase"]
[SourceDate "2019.10.17"]
[SourceVersion "1"]
[SourceVersionDate "2019.10.17"]
[SourceQuality "1"]

1. e4 c6 2. d4 d5 3. exd5 cxd5 4. c4 Nf6 5. Nc3 e6 6. Nf3 Bb4 7. Bd3 0-0 8. 0-0 dxc4 9. Bxc4 b6 10. a3 Bxc3 11. bxc3 h6 12. Qd3 Bb7 13. Re1 Nbd7 14. Bf4 Rc8 15. Ba2 Nc5 16. Qe3 Nce4 17. c4 Nd6 18. Bxd6 Qxd6 19. Ne5 Be4 20. f3 Bh7 21. Rac1 Rfd8 22. Red1 h5 23. a4 Qb4 24. Bb3 Rd6 25. c5 bxc5 26. dxc5 Rxd1+ 27. Rxd1 Bf5 28. c6 Nd5 29. Bxd5 exd5 30. Qxa7 Be6 31. Nd7 Qd6 32. Rc1 Kh7 33. Qb7 Rc7 34. Qb1+ Kh6 35. a5 Rxc6 36. Rxc6 Qxc6 37. Ne5 Qc3 38. f4 Qxa5 39. f5 Qc5+ 40. Kf1 Qc3 41. fxe6 Qxe5 42. Qc1+ Kh7 43. Qc2+ g6 44. exf7 Qf6+ 45. Ke2 Qxf7 46. Ke3 Qa7+ 47. Kd3 Qg7 48. Qc3 Qe7 49. Qd4 Qa3+ 50. Qc3 Qa6+ 51. Ke3 Qe6+ 52. Kd2 Qe4 53. Qe3 Qxg2+ 54. Kc3 Qf1 55. Qe7+ Kh6 56. Qe3+ Kg7 57. Qe5+ Qf6 58. Kd4 Qxe5+ 59. Kxe5 Kh6 60. Kd4 0-1